Logo BPK

Biblioteka

Politechniki Koszalińskiej

5 prac, które zmieniły oblicze fizyki / (Rekord nr 46246)

Szczegóły MARC
000 -ETYKIETA REKORDU
podpole kontrolne o stałej długości 01198nam a2200325 i 4500
001 - NUMER KONTROLNY REKORDU
pole kontrolne bg
020 ## - MIĘDZYNARODOWY ZNORMALIZOWANY NUMER KSIĄŻKI - ISBN
ISBN 8323501262
040 ## - ŹRÓDŁO KATALOGOWANIA
Instytucja, która utworzyła rekord BPK
041 1# - KOD JĘZYKA
Kod języka tekstu pol
Kod języka oryginału eng
080 ## - UNIWERSALNA KLASYFIKACJA DZIESIĘTNA - UKD
UKD 53(430)"19"
920 ## - Międzynarodowy znormalizowany numer książki – ISBN
ISBN 83-235-0126-2
008 - POLE O STAŁEJ DŁUGOŚCI - DANE KONTROLNE
podpole kontrolne o stałej długości s pl f |000 0 pol
100 1# - NAZWA OSOBOWA
Nazwa osobowa EINSTEIN, Albert
Daty związane z nazwą (1879-1955)
245 10 - TYTUŁ/ODPOWIEDZIALNOŚĆ
Tytuł 5 prac, które zmieniły oblicze fizyki /
Pozostałe elementy strefy tytułu i oznaczenia odpowiedzialności Albert Einstein ; przedm. Roger Penrose, wstęp i koment. John Stachel, wspólpr. Trevor Lipscombe, Alice Calaprice i Sam Elworthy ; przeł. Piotr Amsterdamski.
260 ## - STREFA ADRESU WYDAWNICZEGO
Miejsce wydania Warszawa :
Nazwa wydawcy/dystrybutora Wydawnictwa Uniwersytetu Warszawskiego,
Data publikacji, dystrybucji/powstania dokumentu [2005].
300 ## - STREFA OPISU FIZYCZNEGO
Objętość 192 s. ;
Rozmiary 22 cm.
490 1# - STREFA SERII I DOKUMENTU WIELOCZĘŚCIOWEGO - FORMA NIE DO WYSZUKIWANIA
Tytuł i oznaczenie odpowiedzialności serii Biblioteka Klasyków Nauki
504 ## - UWAGA DOTYCZĄCA BIBLIOGRAFII
Informacje o bibliografii Indeks.
650 #9 - HASŁO PRZEDMIOTOWE W FORMIE NAZWY OGÓLNEJ LUB JEDNOSTKOWEJ
Nazwa ogólna lub geograficzna Fizyka
Określnik ogólny teoria
Określnik chronologiczny 20 w.
650 #9 - HASŁO PRZEDMIOTOWE W FORMIE NAZWY OGÓLNEJ LUB JEDNOSTKOWEJ
Nazwa ogólna lub geograficzna Fizyka
Określnik ogólny historia
Określnik chronologiczny 20 w.
700 1# - HASŁO DODATKOWE - NAZWA OSOBOWA
Nazwa osobowa AMSTERDAMSKI, Piotr
Daty związane z nazwą (1955-2008).
Określenie związku między hasłem a opisywanym materiałem Tł.
700 1# - HASŁO DODATKOWE - NAZWA OSOBOWA
Nazwa osobowa PENROSE, Roger.
Określenie związku między hasłem a opisywanym materiałem Oprac.
700 1# - HASŁO DODATKOWE - NAZWA OSOBOWA
Nazwa osobowa STACHEL, John.
Określenie związku między hasłem a opisywanym materiałem Oprac.
700 1# - HASŁO DODATKOWE - NAZWA OSOBOWA
Nazwa osobowa LIPSCOMBE, Trevor.
Określenie związku między hasłem a opisywanym materiałem Oprac.
700 1# - HASŁO DODATKOWE - NAZWA OSOBOWA
Nazwa osobowa CALAPRICE, Alice.
Określenie związku między hasłem a opisywanym materiałem Oprac.
700 1# - HASŁO DODATKOWE - NAZWA OSOBOWA
Nazwa osobowa ELWORTHY, Sam.
Określenie związku między hasłem a opisywanym materiałem Oprac.
830 ## - HASŁO DODATKOWE SERII LUB DOKUMENTU WIELOCZĘŚCIOWEGO - TYTUŁ UJEDNOLICONY
Tytuł ujednolicony Biblioteka Klasyków Nauki
856 ## - LOKALIZACJA I DOSTĘP DO ELEKTRONICZNYCH DOKUMENTÓW ZDALNYCH
Link (URL) http://koha.tu.koszalin.pl/cgi-bin/koha/opac-detail.pl?biblionumber=46246
Tekst linku Katalog online BPK
942 ## - DODATKOWE ELEMENTY (KOHA)
Typ dokumentu Książka
Egzemplarze
Wycofany Status egzemplarza Uszkodzony Dostępność Lokalizacja stała Lokalizacja bieżąca Miejsce przechowywania Sygnatura Kod kreskowy Dział Typ dokumentu
      Tylko na miejscu Biblioteka Politechniki Koszalińskiej Biblioteka Politechniki Koszalińskiej Czytelnia BG 76061 02278520 530.1 Ogólne zasady fizyki Książka
© 2023 Biblioteka Politechniki Koszalińskiej :: KOHA